Postupy členských štátov EÚ v prípade peňažných dávok v chorobe a materstve

Peňažné dávky v chorobe a materstve migrujúcich. Koordinačné nariadenia článku 27 Európskeho parlamentu a Rady (ES) č. 987/2009, ktorým sa stanovuje postup vykonávania nariadenia 883/2004 o koordinácii systémov sociálneho zabezpečenia.

Saved in:
Bibliographic Details
Main Author: Dokupilová, Katarína
Format: Book Chapter
Language:Slovak
Subjects:
Tags: Add Tag
No Tags, Be the first to tag this record!

MARC

LEADER 00000nla$a2200000$$$4500
001 0137238
005 20220729105212.0
041 0 |a slo 
044 |a SK 
245 1 0 |a Postupy členských štátov EÚ v prípade peňažných dávok v chorobe a materstve  |c Katarína Dokupilová 
520 |a Peňažné dávky v chorobe a materstve migrujúcich. Koordinačné nariadenia článku 27 Európskeho parlamentu a Rady (ES) č. 987/2009, ktorým sa stanovuje postup vykonávania nariadenia 883/2004 o koordinácii systémov sociálneho zabezpečenia. 
610 2 0 |a poistenie sociálne 
610 2 0 |a poisťovne sociálne 
610 2 0 |a dávky poistenia sociálneho 
610 2 0 |a dávky v materstve 
610 2 0 |a zabezpečenie sociálne 
610 2 0 |a zmluvy poistné 
610 2 0 |a Európska únia 
610 2 0 |a Rada Európskej únie 
610 2 0 |a predpisy právne 
100 1 |a Dokupilová, Katarína